Southville International School and Colleges
Your cart is empty.
  • Cart
  • Lists
    Public lists Eva Luna New books Lux_list list_1
    Your lists Log in to create your own lists
  • Log in to your account
  • Your cookies
  • Search history
Southville International School and Colleges
  • Advanced search
  • Recent comments
  • Most popular
  • Libraries

Log in to your account

Log in with GOOGLE


If you do not have an external account, but do have a local account, you can still log in:

  1. Home
  2. MARC view: Case studies in psychotherapy /
Normal view MARC view ISBD view

Case studies in psychotherapy / (Record no. 339604)

[ view plain ]
MARC details
000 -LEADER
fixed length control field 00578nam a2200241Ia 4500
008 - FIXED-LENGTH DATA ELEMENTS--GENERAL INFORMATION
fixed length control field 170711s9999 xx 000 0 und d
020 ## - INTERNATIONAL STANDARD BOOK NUMBER
International Standard Book Number 9780840032577
050 ## - LIBRARY OF CONGRESS CALL NUMBER
Classification number 616.89
050 ## - LIBRARY OF CONGRESS CALL NUMBER
Item number W388 2011
100 ## - MAIN ENTRY--PERSONAL NAME
Personal name Wedding, Danny
245 ## - TITLE STATEMENT
Title Case studies in psychotherapy /
245 ## - TITLE STATEMENT
Statement of responsibility, etc by Danny Wedding.
250 ## - EDITION STATEMENT
Edition statement Sixth edition
260 ## - PUBLICATION, DISTRIBUTION, ETC. (IMPRINT)
Place of publication, distribution, etc USA :
260 ## - PUBLICATION, DISTRIBUTION, ETC. (IMPRINT)
Name of publisher, distributor, etc Cengage,
260 ## - PUBLICATION, DISTRIBUTION, ETC. (IMPRINT)
Date of publication, distribution, etc 2011
300 ## - PHYSICAL DESCRIPTION
Extent 198 pages :
300 ## - PHYSICAL DESCRIPTION
Other physical details illustrations ;
300 ## - PHYSICAL DESCRIPTION
Dimensions 25cm.
500 ## - GENERAL NOTE
General note Includes index.
650 ## - SUBJECT ADDED ENTRY--TOPICAL TERM
Topical term or geographic name as entry element Psychotheraphy --
650 ## - SUBJECT ADDED ENTRY--TOPICAL TERM
General subdivision Case studies.

No items available.

Case studies in psychotherapy /

APA

Wedding D., .Case studies in psychotherapy. USA: .

Chicago

Wedding Danny, .Case studies in psychotherapy. USA: .

Harvard

Wedding D., .Case studies in psychotherapy. USA: .

MLA

Wedding Danny, .USA: . .

  • Print
  • Cite
  • Add to your cart (remove)
  • Save record
    BIBTEX Dublin Core MARCXML MARC (non-Unicode/MARC-8) MARC (Unicode/UTF-8) MARC (Unicode/UTF-8, Standard) MODS (XML) RIS
  • More searches
    Search for this title in:
    Other Libraries (WorldCat) Other Databases (Google Scholar) Online Stores (Bookfinder.com) Open Library (openlibrary.org)

Exporting to Dublin Core...

SOUTHVILLE LIBRARY

Southville International School and Colleges Library

1281 Tropical Ave. Cor. Luxembourg St., BF Homes International, Las Pinas City

Tel. No. 8256374 / 252358 Loc. 117/146

Powered by Koha